| 000 | 00534nam a2200181Ia 4500 | ||
|---|---|---|---|
| 008 | 140626s9999 xx 000 0 und d | ||
| 100 | _aSchred, Michael. | ||
| 245 |
_aReading dream literature : _bfrequency, influencing factors, and self-rated benefit / _cMichael Schred. |
||
| 260 | _cc2012. | ||
| 300 | _a125 : 2, page 227 | ||
| 440 | _aThe American Journal of Psychology | ||
| 521 | _aPSYCH | ||
| 650 | _aDream literature. | ||
| 650 | _aFrequency. | ||
| 650 | _aInfluence. | ||
| 650 | _aSelf-rated benefit. | ||
| 942 | _cSE | ||
| 999 |
_c121350 _d121350 |
||